| 000 | 01208nam a2200301 i 4500 | ||
|---|---|---|---|
| 001 | bg | ||
| 100 | 1 | _aPOPCZYK, Jacek. | |
| 245 | 1 | 0 |
_aRoboty wykończeniowe : _b[instrukcja]. _nZ.5, _pOkładziny i posadzki z płytek ceramicznych / _cJacek Popczyk ; Instytut Techniki Budowlanej. |
| 250 | _aWyd. 2 popr. | ||
| 260 |
_aWarszawa : _bInstytut Techniki Budowlanej, _c2006. |
||
| 490 | 1 |
_aInstrukcje. Wytyczne. Poradniki / Instytut Techniki Budowlanej ; _aWarunki techniczne wykonania i odbioru robót budowlanych ; _v397/2006 _vCz. B |
|
| 490 | 1 |
_aWarunki techniczne wykonania i odbioru robót budowlanych ; _vCz. B |
|
| 650 | 9 |
_aCeramika budowlana _xstosowanie |
|
| 650 | 9 | _aBudownictwo | |
| 655 | _aInstrukcje | ||
| 710 | 0 | _aInstytut Techniki Budowlanej | |
| 830 |
_aInstrukcje. Wytyczne. Poradniki - Instytut Techniki Budowlanej ; _v397/2006 |
||
| 830 | _aWarunki techniczne wykonania i odbioru robót budowlanych ; | ||
| 020 | _a8373706607 (całość) | ||
| 020 | _a832490266X (z.5) | ||
| 040 | _cBPK | ||
| 041 | 0 | _apol | |
| 080 | _a692/693:666.7](083.1) | ||
| 920 | _a83-7370-660-7 (całość) | ||
| 920 | _a83-249-0266-X (z.5) | ||
| 942 | _cKS | ||
| 008 | s pl f |000 0 pol | ||
| 999 |
_c52255 _d52255 |
||
| 856 |
_uhttp://koha.tu.koszalin.pl/cgi-bin/koha/opac-detail.pl?biblionumber=52255 _yKatalog online BPK |
||